Real jardín botánico de Madrid : (Registro nro. 36988)
[ vista simple ]
| 000 -CABECERA | |
|---|---|
| campo de control de longitud fija | 00539nam a2200157 a 4500 |
| 001 - NÚMERO DE CONTROL | |
| campo de control | 000037498 |
| 005 - FECHA Y HORA DE LA ÚLTIMA TRANSACCIÓN | |
| campo de control | 20200930080410.0 |
| 008 - DATOS DE LONGITUD FIJA--INFORMACIÓN GENERAL | |
| campo de control de longitud fija | 120420s1987 sp a 000 0 spa d |
| 020 ## - NÚMERO INTERNACIONAL ESTÁNDAR DEL LIBRO | |
| Número Internacional Estándar del Libro | 840006500x |
| 040 ## - FUENTE DE LA CATALOGACIÓN | |
| Centro catalogador/agencia de origen | DO-SdBNP |
| Lengua de catalogación | spa |
| Centro/agencia transcriptor | BNPHU |
| 100 1# - ENTRADA PRINCIPAL--NOMBRE DE PERSONA | |
| Nombre de persona | Añón, Carmen |
| 9 (RLIN) | 63950 |
| 245 10 - MENCIÓN DE TÍTULO | |
| Título | Real jardín botánico de Madrid : |
| Resto del título | sus orígenes 1755-1781 / |
| Mención de responsabilidad, etc. | Carmen Añón ; prólogo Santiago Castroviejo. |
| 260 ## - PUBLICACIÓN, DISTRIBUCIÓN, ETC. | |
| Lugar de publicación, distribución, etc. | Madrid : |
| Nombre del editor, distribuidor, etc. | Real Jardín Botánico, |
| Fecha de publicación, distribución, etc. | 1987. |
| 300 ## - DESCRIPCIÓN FÍSICA | |
| Extensión | 182 p. : |
| Otras características físicas | ils. ; |
| Dimensiones | 25 cm. |
| 700 1# - PUNTO DE ACCESO ADICIONAL--NOMBRE DE PERSONA | |
| Nombre de persona | Castroviejo, Santiago, |
| Término indicativo de función/relación | pról. |
| 9 (RLIN) | 59513 |
| Estado de retiro | Estado de pérdida | Restricciones de uso | No para préstamo | Código de colección | Localización permanente | Ubicación/localización actual | Ubicación en estantería | Fecha de adquisición | Número de inventario | Total de préstamos | Signatura topográfica completa | Código de barras | Fecha visto por última vez | Precio válido a partir de | Tipo de ítem Koha |
|---|---|---|---|---|---|---|---|---|---|---|---|---|---|---|---|
| Monografías: Libros y Folletos | General | General | En catalogación | 20.04.2012 | LF1 | 37498-10 | 25.06.2020 | 25.06.2020 | Préstamo en sala |
